000 01048cam a22002651i 4500
003 SA-RiAUC
005 20250126054045.0
008 250125s2010____su g 00010 ara c
020 _a9786039018056
040 _aSA-RiKAPL
_bara
_cSA-RiAUC
_erda
043 _aa-su---
082 0 4 _a811.9531
090 _a811.9531
_bغ ا م
100 1 _aالغامدي، عاصم حمدان علي،
_d1373 هجري-
_eمؤلف.
245 1 2 _aالشعر في المدينة المنورة بين القرنين 12-14 هـ /
_cعاصم حمدان علي الغامدي.
264 1 _aالرياض :
_bالمجلة العربية،
_c[2010]
300 _a118 صفحة ؛
_c20 سم.
336 _aنص
_btxt
_2rdacontent
_3كتاب
337 _aبدون وسيط
_bn
_2rdamedia
338 _aمجلد
_bnc
_2rdacarrier
490 0 _aسلسلة كتاب المجلة العربية ؛
_v167
650 7 _aالشعر العربي
_zالمدينة المنورة
_xتاريخ ونقد
_2aucsh
942 _2ddc
_cBOOK
_n0
949 _aSA-JeALM
_d250125
_umohamedma123
_n1
999 _c5221
_d5221